000 00591nam a22002537a 4500
003 UA-OsUOA
001 26276
007 ta
008 20040525b un ||||| |||| 00| 0 ukr d
100 _aИльин В.А.
700 _aПозняк Э.Г.
090 _a517
_bИ46
942 _cBK
040 _aUA-OsUOA
_brus
_cUA-OsUOA
_dUA-OsUOA
245 _aОсновы математического анализа
300 _a599 с.
955 _a0
041 _arus
080 _a517
260 _aКиев
_bНаука
_c1971
044 _aRU
650 7 _2UDC
999 _c312595
_d312595